Sotileza / (Record no. 161735)

MARC details
000 -LEADER
campo de control de longitud fija 00767nam a2200205 i 4500
001 - NÚMERO DE CONTROL
campo de control 161735
003 - IDENTIFICADOR DE NÚMERO DE CONTROL
campo de control ES-MaACL
005 - FECHA Y HORA DE LA ÚLTIMA TRANSACCIÓN
campo de control 20240522063058.0
008 - DATOS DE LONGITUD FIJA--INFORMACIÓN GENERAL
campo de control de longitud fija 990902s1888 sp |||| | spa d
100 1# - ENTRADA PRINCIPAL--NOMBRE DE PERSONA
Nombre de persona Pereda, José María de,
Fechas asociadas al nombre 1833-1906
9 (RLIN) 90447
245 10 - MENCIÓN DEL TÍTULO
Título Sotileza /
Mención de responsabilidad, etc. José M. de Pereda.
260 ## - PUBLICACIÓN, DISTRIBUCIÓN, ETC.
Lugar de publicación, distribución, etc. Madrid :
Nombre del editor, distribuidor, etc. [s.n.],
Fecha de publicación, distribución, etc. 1888 (
Fabricante Imp. y Fundición de Tello)
300 ## - DESCRIPCIÓN FÍSICA
Extensión 566 p. ;
Dimensiones 18 cm.
490 1# - MENCIÓN DE SERIE
Mención de serie Obras completas de D. José M. de Pereda ;
Designación de volumen o secuencia 9
530 ## - NOTA DISPONIBLE DE FORMULARIO FÍSICO ADICIONAL
Nota de formato físico adicional disponible Disponible en formato digital.
830 0# - PUNTO DE ACCESO ADICIONAL DE SERIE-TÍTULO UNIFORME
Título uniforme Obras completas de D. José M. de Pereda ;
Designación de volumen o secuencia 9
9 (RLIN) 188343
852 ## - LOCALIZACIÓN
Ubicación ES-MaACL
Número de control de estantería B-3696
Nota libre - Enc. hol
856 ## - LOCALIZACIÓN Y ACCESO ELECTRÓNICOS
Identificador Uniforme de Recursos <a href="http://bdh-rd.bne.es/viewer.vm?id=0000246896&page=1 ">http://bdh-rd.bne.es/viewer.vm?id=0000246896&page=1 </a>
Nota pública Biblioteca Digital Hispánica
Holdings
Estatus retirado Estado de pérdida Estado de daño No para préstamo Colección Biblioteca de origen Biblioteca actual Ubicación en estantería Fecha de adquisición Fuente de adquisición Total de préstamos Signatura topográfica completa Código de barras Visto por última vez Precio de reemplazo Tipo de ítem Koha
        Colección digital Biblioteca del Ateneo de Madrid Biblioteca del Ateneo de Madrid Sala Pardo Bazán 17/01/2008     B-3696 1169418 23/02/2023 23/02/2023 Libro impreso antiguo